000 00680nam a2200193 i 4500
001 157168
003 ES-MaACL
005 20251005063123.0
008 990517s1895 sp |||| | spa d
040 _aCCPB | B
_bspa
_cCCPB | B
100 1 _aLasala y Collado, Fermín de,
_cDuque de Mandas
_9128714
245 1 3 _aLa separación de Guipúzcoa y la Paz de Basilea /
_cpor D. Fermín de Lasala y Collado.
260 _aMadrid :
_b[s.n.],
_c1895 (
_fEstablecimiento Tipográfico de Fortanet)
300 _aVIII, 392 p. ;
_c27 cm.
597 _aAntep.
651 4 _aGuipúzcoa-
_xHistoria.
_98813
852 _aES-MaACL
_jC-418
_z-- Enc. hol.
999 _c157168
_d157168